[Event "AUTO-BEG-162"]
[Site "http://www.queenalice.com/game.php?id=314938"]
[Date "2007.12.4"]
[Round "1"]
[White "Pinha"]
[Black "Lord"]
[Result "1-0"]
[WhiteElo "1733"]
[BlackElo "1250"]

1. e4 e5 2. Nf3 b6 3. Nxe5 Nc6 4. d4 f6 5. Nxc6 dxc6 6. Nc3 Nh6 7. Bc4 b5 8. Bb3
b4 9. Bxh6 gxh6 10. Qh5+ Ke7 11. Qf7+ Kd6 12. e5+ fxe5 13. Ne4# 1-0

[Event "AUTO-BEG-162"]
[Site "http://www.queenalice.com/game.php?id=314939"]
[Date "2007.12.4"]
[Round "1"]
[White "Lord"]
[Black "Pinha"]
[Result "0-1"]
[WhiteElo "1250"]
[BlackElo "1808"]

1. c4 e5 2. Nf3 e4 3. Ne5 d6 4. Nxf7 Kxf7 5. Nc3 Nf6 6. b3 Be7 7. Ba3 Re8 8. Nb5
Kg8 9. g3 b6 10. Qb1 Bb7 11. Bh3 c6 12. Nd4 Bf8 13. Ne6 Rxe6 14. Bxe6+ Kh8 15.
g4 g6 16. g5 Qe7 17. Bh3 Nh5 18. Rg1 Bg7 19. Bb2 d5 20. cxd5 cxd5 21. a4 Nc6 22.
Ba3 Qf7 23. b4 Bxa1 24. Qxa1+ Kg8 25. b5 Nf4 26. Bg4 Na5 27. Bd6 Bc8 28. Bxc8
Rxc8 29. Rg4 Nxe2 30. Kxe2 Qf3+ 31. Kf1 Qxg4 32. Qf6 Qf5 33. Qe7 Rc1+ 34. Kg2
Qf3# 0-1

[Event "AUTO-BEG-162"]
[Site "http://www.queenalice.com/game.php?id=314952"]
[Date "2007.12.4"]
[Round "1"]
[White "samuelrmgs"]
[Black "Lord"]
[Result "0-1"]
[WhiteElo "1234"]
[BlackElo "1258"]

1. Nc3 g5 2. Nd5 c6 3. Nb4 a5 4. Nd3 Nf6 5. Ne5 d6 6. Nxf7 Kxf7 7. e3 Na6 8.
Bxa6 bxa6 9. Qe2 Bg4 10. Qc4+ Kg7 11. Qxc6 Rc8 12. Qxa6 Ne4 13. d3 Nc5 14. Qb5
Ne6 15. Qb3 Nc5 16. Qc3+ Kg8 17. e4 Qb6 18. Bxg5 Bg7 19. Qd2 Qxb2 20. Qc1 Qc3+
21. Qd2 Qxa1+ 22. Qc1 Qxa2 23. Bxe7 Rb8 24. Bxd6 Rb1 25. Qxb1 Qxb1+ 26. Kd2 Qd1+
27. Ke3 Ne6 28. Bb8 Bh6+ 29. f4 Qe1+ 0-1

[Event "AUTO-BEG-162"]
[Site "http://www.queenalice.com/game.php?id=314953"]
[Date "2007.12.4"]
[Round "1"]
[White "Lord"]
[Black "samuelrmgs"]
[Result "0-1"]
[WhiteElo "1281"]
[BlackElo "1210"]

1. b4 b5 2. g4 Nf6 3. g5 Ng4 4. h3 Ne5 5. f4 Nc4 6. d3 Nd6 7. Nf3 Bb7 8. Nc3 Nf5
9. Nxb5 a6 10. Nbd4 Nxd4 11. Nxd4 Bxh1 12. c3 Nc6 13. Qa4 Nb8 14. h4 h5 15. Bh3
e6 16. b5 Qc8 17. c4 c5 18. Nb3 Bd6 19. Be3 Qb7 20. Na5 Qc8 21. Kd2 O-O 22. Rxh1
Ra7 23. bxa6 Rxa6 24. Rb1 Qc7 25. d4 cxd4 26. Bxd4 Ba3 27. Qxa3 Rxa5 28. Qe3
Rxa2+ 29. Ke1 Qa5+ 30. Kf2 Rc8 31. Bb6 Qa6 32. c5 Rc2 33. Kf3 Qb7+ 0-1

[Event "AUTO-BEG-162"]
[Site "http://www.queenalice.com/game.php?id=314962"]
[Date "2007.12.4"]
[Round "1"]
[White "Lord"]
[Black "rvc22"]
[Result "0-1"]
[WhiteElo "1262"]
[BlackElo "1523"]

1. b4 e5 2. Nf3 f6 3. g3 e4 4. Nd4 c5 5. Nf5 cxb4 6. Bh3 d6 7. Bb2 g6 8. Nd4
Bxh3 9. c4 bxc3 10. Bxc3 Nc6 11. Ne6 Qd7 12. Nf4 O-O-O 13. Nxh3 Qxh3 14. Na3 Qg2
15. Rf1 Qxh2 16. Nb5 a6 17. Qa4 axb5 18. Qxb5 d5 19. Ba5 Rd7 20. Rb1 Nxa5 21.
Qxa5 f5 22. Rc1+ Kb8 23. Rb1 f4 24. Rb4 Bxb4 25. Qxb4 fxg3 26. Qf8+ Kc7 27. Qc5+
Kd8 28. Qf8+ Kc7 29. Qc5+ Kb8 30. Qf8+ Ka7 31. Qa3+ Kb6 32. Qb2+ Kc6 33. Qxh8
gxf2+ 34. Kd1 Qg1 35. Rxg1 fxg1=Q+ 36. Kc2 e3 37. Qxg8 h5 38. Qc8+ Rc7 39. Qe6+
Kb5+ 40. Kd3 d4 41. Qe5+ Rc5 42. Qxd4 Qb1+ 43. Kxe3 Qxa2 44. Qd7+ Kb4 45. Qxb7+
Ka4 46. Qa7+ Kb3 47. Qxc5 Qa3 48. Qb6+ Ka2+ 49. Kf2 g5 50. Qg6 Qf8+ 51. Ke1 Qf4
52. Qxh5 g4 53. Qa5+ Kb3 54. Qc3+ Ka2 55. e3 Qg3+ 56. Kd1 Qg1+ 57. Kc2 Qb1# 0-1

[Event "AUTO-BEG-162"]
[Site "http://www.queenalice.com/game.php?id=314963"]
[Date "2007.12.4"]
[Round "1"]
[White "rvc22"]
[Black "Lord"]
[Result "1-0"]
[WhiteElo "1424"]
[BlackElo "1250"]

1. d4 b5 2. e3 Nf6 3. Bxb5 c6 4. Bd3 Ba6 5. Bxa6 Nxa6 6. Nf3 g6 7. O-O Qa5 8. a3
Bh6 9. Bd2 Qb5 10. b4 Ne4 11. Nc3 Qc4 12. Ne5 Qe6 13. b5 cxb5 14. Nxb5 d6 15.
Qf3 Nxd2 16. Qxa8+ Nb8 17. Qxb8+ Qc8 18. Qxc8# 1-0

[Event "Challenge"]
[Site "http://www.queenalice.com/game.php?id=340546"]
[Date "2008.1.22"]
[Round "-"]
[White "alexandre35"]
[Black "Lord"]
[Result "1-0"]
[WhiteElo "1618"]
[BlackElo "1262"]

1. e4 c5 2. Nf3 Nf6 3. Nc3 a5 4. d4 cxd4 5. Nxd4 Nc6 6. Be2 e5 7. Nxc6 bxc6 8.
O-O Ba6 9. Bxa6 Rxa6 10. f4 exf4 11. Bxf4 g6 12. e5 Nd5 13. Nxd5 cxd5 14. Qxd5
g5 15. Bxg5 Qxg5 16. Qxf7+ Kd8 17. Rad1 Qxe5 18. Qxd7# 1-0

[Event "AUTO-BEG-176"]
[Site "http://www.queenalice.com/game.php?id=341073"]
[Date "2008.1.22"]
[Round "1"]
[White "Lord"]
[Black "ramy"]
[Result "0-1"]
[WhiteElo "1306"]
[BlackElo "1495"]

1. e4 e5 2. Nc3 Nf6 3. Nf3 Nc6 4. Bc4 Bb4 5. Nb5 Nxe4 6. O-O O-O 7. c3 Ba5 8. b4
Bb6 9. d3 Nf6 10. d4 a6 11. Na3 exd4 12. cxd4 d5 13. Bd3 Nxd4 14. Nxd4 Bxd4 15.
Rb1 Ne4 16. Nc2 Nc3 17. Qh5 g6 18. Qf3 Nxb1 19. Bf4 Bg7 20. Rxb1 Re8 21. Ne3 c6
22. a3 Qf6 23. g3 g5 24. h4 gxf4 25. gxf4 Qxh4 26. Nf5 Bxf5 27. Bxf5 Kh8 28. a4
Rg8 29. Re1 Bc3+ 30. Kf1 Bxe1 31. Kxe1 Qf6 32. Qh5 Qc3+ 33. Kf1 Qc4+ 34. Ke1
Rae8+ 35. Kd2 Qxf4+ 36. Kc2 Qxf2+ 37. Kc3 Re3+ 38. Kd4 Rh3+ 39. Ke5 Rxh5 0-1

[Event "AUTO-BEG-176"]
[Site "http://www.queenalice.com/game.php?id=341092"]
[Date "2008.1.22"]
[Round "1"]
[White "Lord"]
[Black "dlabedz"]
[Result "1-0"]
[WhiteElo "1276"]
[BlackElo "1329"]

1. e4 d5 2. exd5 Qxd5 3. Nc3 Qe6+ 4. Be2 Nf6 5. Nf3 b6 6. b4 a6 7. h3 Nc6 8. g4
Ne4 9. Ba3 f5 10. gxf5 Qxf5 11. d3 Nxc3 12. Qd2 Nxe2 13. Qxe2 Be6 14. Nh4 Qd5
15. O-O Qg5+ 16. Ng2 Ne5 17. f4 Qg3 18. d4 Bxh3 19. dxe5 e6 20. Rad1 a5 21. Rd3
Qg4 22. Qe4 Rc8 23. Qb7 Qe2 24. Qxc8+ Kf7 25. Rxh3 Qg4 26. Qd7+ Be7 27. Rd3 Rd8
28. Qxc7 Ke8 29. Rfd1 axb4 30. Rxd8+ Kf7 31. Bxb4 1-0

[Event "AUTO-BEG-176"]
[Site "http://www.queenalice.com/game.php?id=341093"]
[Date "2008.1.22"]
[Round "1"]
[White "dlabedz"]
[Black "Lord"]
[Result "0-1"]
[WhiteElo "1347"]
[BlackElo "1256"]

1. d4 b6 2. d5 c6 3. dxc6 Nxc6 4. e3 Nf6 5. Nf3 g6 6. c3 Bh6 7. h3 O-O 8. g4 e5
9. g5 Bxg5 10. h4 Bh6 11. a3 Ne4 12. Bd3 Nc5 13. Bc4 Na5 14. Nxe5 Nxc4 15. Nxc4
Bb7 16. a4 Bxh1 17. Ke2 Be4 18. Nbd2 Qxh4 19. Nd6 Qg4+ 20. f3 Qg2+ 21. Ke1 Bxe3
22. Qe2 Nd3+ 23. Kd1 Qg1+ 24. Nf1 Nf2+ 0-1

[Event "Challenge"]
[Site "http://www.queenalice.com/game.php?id=420534"]
[Date "2008.6.20"]
[Round "-"]
[White "Lintz"]
[Black "Lord"]
[Result "1-0"]
[WhiteElo "1974"]
[BlackElo "1300"]

1. e4 d5 2. exd5 Qxd5 3. Nc3 Qe5+ 4. Nge2 g6 5. d4 Qh5 6. g3 Nc6 7. Be3 Nf6 8.
Qd2 b6 9. Bg2 Nb4 10. Bxa8 Bg4 11. Nf4 Qg5 12. Ne6 Qh5 13. Nxc7+ Kd8 14. N3b5 a6
15. Qxb4 axb5 16. Na6 e6 17. Qc3 Bh6 18. Qc7+ Ke8 19. Bxh6 Qxh6 20. Qc8+ Ke7 21.
Qxh8 Qf8 22. Qxf8+ Kxf8 23. O-O h6 24. Rfe1 h5 25. b4 g5 26. f4 gxf4 27. gxf4
1-0

[Event "Challenge"]
[Site "http://www.queenalice.com/game.php?id=421275"]
[Date "2008.6.21"]
[Round "-"]
[White "b3nedtiojr"]
[Black "Lord"]
[Result "0-1"]
[WhiteElo "1321"]
[BlackElo "1298"]

1. e4 c5 2. c4 Nf6 3. Nf3 Nxe4 4. Bd3 Nd6 5. Ng5 f6 6. Ne4 Nf5 7. Nxc5 b6 8. Be4
Nd4 9. Bxa8 bxc5 10. O-O Ba6 11. b3 Qa5 12. Nc3 g6 13. d3 Qxc3 14. Bf4 Nbc6 15.
Rb1 g5 16. Bd2 Qxd3 17. a3 Ne2+ 18. Kh1 Ncd4 19. Be3 Qxd1 20. Rfxd1 Nc2 21. Bxc5
d6 22. Bxa7 g4 0-1